| 000 | 00656nam a2200217Ia 4500 | ||
|---|---|---|---|
| 999 |
_c4207 _d4207 |
||
| 020 | _a019-566-3152 | ||
| 082 | _a294.60954 JAK-R SL1 | ||
| 100 | _aJakobsh, Doris R. | ||
| 245 | 0 | _aRelocating gender in Sikh history: transformation, meaning and identity | |
| 260 |
_aNew Delhi _bOxford University Press _c2003 |
||
| 300 | _axi, 296 | ||
| 504 | _aincludes appendix, bibliography and index | ||
| 650 |
_aKhasla _vIndia |
||
| 650 |
_aWomen in Sikhism _vIndia |
||
| 650 |
_aSikhs _vIndia _vHistory |
||
| 650 |
_aSikh sects _vIndia |
||
| 650 |
_aSikh ethics _vIndia |
||
| 650 |
_aSikhism and poltics _vIndia |
||
| 650 |
_aSikh gurus _vIndia |
||
| 942 | _cBK | ||